[Event "Championnat de France des Jeunes - Cadet"]
[Site "AIX LES BAINS"]
[Date "2009.04.20"]
[Round "2.11"]
[White "Tachikart, Yassin"]
[Black "Delboe, Charles"]
[Result "1/2-1/2"]
[WhiteElo "2107"]
[BlackElo "1894"]
[PlyCount "91"]

1. d4 Nf6 2. c4 c5 3. d5 e5 4. Nc3 d6 5. e4 Na6 6. Bd3 Be7 7. Nge2 O-O 8. O-O
Ne8 9. f4 g6 10. f5 g5 11. Ng3 f6 12. h4 Rf7 13. Be3 Ng7 14. Nh5 h6 15. Nxg7
Rxg7 16. hxg5 hxg5 17. Kf2 Rh7 18. Rh1 Qe8 19. Be2 Rxh1 20. Qxh1 Kg7 21. Bh5
Qh8 22. Bg6 Bd7 23. a3 Qxh1 24. Rxh1 Rh8 25. Rxh8 Kxh8 26. Bf7 Nc7 27. Be6 Be8
28. b4 b6 29. Bc8 Kg7 30. g4 Kf7 31. Bb7 Bf8 32. Bc6 Ke7 33. bxc5 dxc5 34. Nb5
Nxb5 35. cxb5 Bxc6 36. bxc6 Kd8 37. Ke2 b5 38. Kd2 Kc7 39. Kc2 a6 40. Bd2 Kc8
41. Ba5 Bd6 42. Bb6 Be7 43. Kc3 Bd6 44. a4 Be7 45. axb5 axb5 46. Kb3 1/2-1/2

[Event "Championnat de France des Jeunes - Cadet"]
[Site "AIX LES BAINS"]
[Date "2009.04.20"]
[Round "2.12"]
[White "Brehier, William"]
[Black "Allorant, Adrien"]
[Result "0-1"]
[WhiteElo "1888"]
[BlackElo "2076"]
[PlyCount "54"]

1. e4 c5 2. Nf3 g6 3. d4 cxd4 4. Nxd4 Bg7 5. c3 Nc6 6. Be3 Nf6 7. Bd3 O-O 8.
O-O d5 9. Nxc6 bxc6 10. exd5 cxd5 11. f3 e5 12. Nd2 a5 13. Re1 Re8 14. Bf2 Bd7
15. c4 d4 16. Ne4 Bc6 17. Nxf6+ Qxf6 18. Qc2 Rad8 19. Rad1 Qg5 20. Be4 Bd7 21.
Qd2 Qxd2 22. Rxd2 Bf8 23. Rc1 Bh6 24. Rdd1 Bxc1 25. Rxc1 Rc8 26. Bg3 Bc6 27.
Bxc6 Rxc6 0-1

[Event "Championnat de France des Jeunes - Cadet"]
[Site "AIX LES BAINS"]
[Date "2009.04.20"]
[Round "2.14"]
[White "Suire, Benjamin"]
[Black "Millon, Valentin"]
[Result "0-1"]
[WhiteElo "1860"]
[BlackElo "2062"]
[PlyCount "94"]

1. e4 c5 2. Nf3 e6 3. d4 cxd4 4. Nxd4 Nc6 5. Be3 Qc7 6. Nd2 Nf6 7. Be2 d5 8.
Nxc6 bxc6 9. exd5 cxd5 10. c4 Be7 11. O-O O-O 12. b3 Ba6 13. Qc2 Rfd8 14. Bd4
dxc4 15. Bxf6 Bxf6 16. Rac1 Bg5 17. Rfd1 Qa5 18. Bxc4 Rxd2 19. Rxd2 Qxd2 20.
Qxd2 Bxd2 21. Rc2 Bxc4 22. Rxd2 Bd5 23. f4 a5 24. Rb2 f5 25. a3 Rc8 26. b4 axb4
27. axb4 Kf7 28. Kf2 Ke7 29. Ke3 Kd6 30. g3 Rc3+ 31. Kd4 Rc4+ 32. Ke3 Kc6 33.
b5+ Kb6 34. Kd3 Rc5 35. Kd4 Rxb5 36. Rd2 Rb4+ 37. Ke3 Kc5 38. Rc2+ Rc4 39. Rb2
Rc3+ 40. Kd2 Kd4 41. Rb4+ Bc4 42. Rb7 Ra3 43. Rd7+ Bd5 44. Rxg7 Ra2+ 45. Kc1
Kc3 46. Rc7+ Bc4 47. Kb1 Rxh2 0-1

[Event "Championnat de France des Jeunes - Cadet"]
[Site "AIX LES BAINS"]
[Date "2009.04.20"]
[Round "2.15"]
[White "Hutois, Mickael"]
[Black "Charrais, Kevin"]
[Result "1-0"]
[WhiteElo "2021"]
[BlackElo "1858"]
[PlyCount "65"]

1. e4 e5 2. Nf3 Nc6 3. Bc4 Bc5 4. c3 Nf6 5. d3 d6 6. O-O O-O 7. Re1 Bb6 8. Nbd2
Ne7 9. Nf1 Ng6 10. Ng3 Be6 11. Bb5 c6 12. Ba4 h6 13. d4 Bg4 14. Be3 Nh4 15. Qe2
Qc8 16. Bd1 Bxf3 17. gxf3 exd4 18. cxd4 Ba5 19. Kh1 Bxe1 20. Qxe1 Re8 21. Qg1
c5 22. Bxh6 Ng6 23. Be3 cxd4 24. Bxd4 Kh7 25. Nf5 Qe6 26. Qg5 Rh8 27. Bb3 Nxe4
28. fxe4 Qxe4+ 29. Kg1 d5 30. Bxg7 Rhe8 31. Bf6 Kg8 32. Bxd5 Qf4 33. Qxg6+ 1-0

[Event "Championnat de France des Jeunes - Cadettes"]
[Site "AIX LES BAINS"]
[Date "2009.04.21"]
[Round "2.1"]
[White "Richard, Emma"]
[Black "Rambourg, Juliette"]
[Result "1-0"]
[WhiteElo "2070"]
[BlackElo "1866"]
[Annotator ""]

1. e4 c5 2. Nf3 g6 3. d4 cxd4 4. Qxd4 Nf6 5. Nc3 Nc6 6. Qa4 d6 7. e5 Ng4 8.
exd6 Qxd6 9. Bf4 e5 10. Bg3 Bg7 11. Rd1 Qb8 12. Qa3 Bf8 13. Qb3 Bg7 14. Bb5 O-O
15. O-O Be6 16. Qa4 a6 17. Bxc6 bxc6 18. Nd4 Bd7 19. Nb3 Qc8 20. Nc5 Be8 21.
N3e4 Qb8 22. b3 Qb5 23. Qa3 a5 24. c3 Nh6 25. Nd6 Qb6 26. Bh4 Qc7 27. Qc1 Nf5
28. Nxf5 gxf5 29. Qg5 Qc8 30. Qd2 f6 31. Qd6 Bf7 32. Bxf6 Qe8 33. Bxg7 Kxg7 34.
Nd7 Rd8 35. Qf6+ Kg8 36. Nxf8 Rxd1 37. Rxd1 Qxf8 38. Rd8 Be8 39. Qe6+ 1-0

[Event "Championnat de France des Jeunes - Cadet"]
[Site "AIX LES BAINS"]
[Date "2009.04.20"]
[Round "2.2"]
[White "Hourlier, Claire"]
[Black "Forgues, Valerie"]
[Result "0-1"]
[WhiteElo "1883"]
[BlackElo "2037"]
[PlyCount "76"]

1. e4 e5 2. Nf3 Nc6 3. Bc4 Bc5 4. O-O Nf6 5. d4 Bxd4 6. Nxd4 Nxd4 7. f4 d6 8.
c3 Ne6 9. f5 Nc5 10. Nd2 c6 11. Qe2 Qc7 12. b4 Na4 13. Qd3 Nb6 14. Qg3 Rg8 15.
Re1 Bd7 16. Bf1 O-O-O 17. a4 Kb8 18. Bb2 Nc8 19. Nc4 h5 20. Qd3 g6 21. Rad1
gxf5 22. exf5 Nd5 23. Bc1 f6 24. Be2 Nce7 25. Rf1 Nxf5 26. Rxf5 Bxf5 27. Qxf5
Nxc3 28. Bxh5 Nxd1 29. Bxd1 d5 30. Ne3 Qe7 31. Bd2 Rg5 32. Qf2 Rdg8 33. g3 Qe6
34. Be2 f5 35. Kf1 f4 36. Ng2 fxg3 37. hxg3 Rxg3 38. Bf3 Qh3 0-1

[Event "Championnat de France des Jeunes - Cadet"]
[Site "AIX LES BAINS"]
[Date "2009.04.20"]
[Round "2.3"]
[White "Macarry, Elodie"]
[Black "Genzling, Sylvie"]
[Result "1-0"]
[WhiteElo "1863"]
[BlackElo "1967"]
[PlyCount "55"]

1. e4 e6 2. d4 d5 3. Nc3 Nf6 4. e5 Nfd7 5. Nf3 c5 6. Ne2 Nc6 7. c3 Be7 8. Be3
a6 9. a4 cxd4 10. cxd4 O-O 11. Nc3 f6 12. exf6 Nxf6 13. Qd2 Bd7 14. Bd3 Bd6 15.
Bg5 Qe8 16. O-O Qh5 17. h3 e5 18. Nxe5 Bxe5 19. dxe5 Nxe5 20. Be2 Qf7 21. Bxf6
Qxf6 22. Qxd5+ Kh8 23. f4 Qb6+ 24. Kh1 Bxh3 25. fxe5 Qxb2 26. Qc5 Rfc8 27. Qa3
Qxc3 28. Rf8+ 1-0

[Event "Championnat de France des Jeunes - Cadet"]
[Site "AIX LES BAINS"]
[Date "2009.04.20"]
[Round "2.4"]
[White "Armas, Lara-Maria"]
[Black "Vinckier, Delphine"]
[Result "1-0"]
[WhiteElo "1966"]
[BlackElo "1817"]
[PlyCount "75"]

1. d4 e6 2. Nf3 Nf6 3. e3 b6 4. Bd3 Bb7 5. Nbd2 d6 6. b3 Nbd7 7. Bb2 c5 8. O-O
Be7 9. a4 O-O 10. a5 Qc7 11. a6 Bc6 12. Nc4 Rac8 13. Nfd2 Ba8 14. f3 Nd5 15.
Qe2 Nb4 16. c3 Nxd3 17. Qxd3 d5 18. Na3 Bd6 19. h3 Qc6 20. Nb5 Bb8 21. c4 dxc4
22. bxc4 cxd4 23. exd4 Rfd8 24. Qc3 Nf6 25. Rac1 Qd7 26. Rfe1 Bd5 27. Qb3 Bc6
28. Ne4 Nxe4 29. fxe4 Bxb5 30. cxb5 Bf4 31. Rc2 Rxc2 32. Qxc2 Qxb5 33. Qf2 Bg3
34. Qxg3 Qxb2 35. Rd1 Qe2 36. Rc1 Qxe4 37. Qc7 Qxd4+ 38. Kh1 1-0

[Event "Championnat de France des Jeunes - Cadet"]
[Site "AIX LES BAINS"]
[Date "2009.04.20"]
[Round "2.5"]
[White "Bruckert, Emma"]
[Black "Muller, Marion"]
[Result "0-1"]
[WhiteElo "1380"]
[BlackElo "1896"]
[PlyCount "46"]

1. e4 c6 2. Nf3 d5 3. exd5 cxd5 4. d4 Nc6 5. Bf4 Nf6 6. c3 Bf5 7. Bd3 Bxd3 8.
Qxd3 e6 9. Nbd2 Be7 10. O-O O-O 11. c4 dxc4 12. Nxc4 Rc8 13. Rac1 Nd5 14. Qd2
Bb4 15. Qd3 Nxf4 16. Qe4 Ng6 17. Rfd1 Qf6 18. Nce5 Ncxe5 19. dxe5 Rxc1 20. Rxc1
Qf4 21. Qxf4 Nxf4 22. Rc4 Rd8 23. h3 Nd5 0-1

[Event "Championnat de France des Jeunes - Cadet"]
[Site "AIX LES BAINS"]
[Date "2009.04.20"]
[Round "2.7"]
[White "Jeannerot, Lea"]
[Black "Durot, Edwige"]
[Result "1/2-1/2"]
[WhiteElo "1980"]
[BlackElo "1764"]
[PlyCount "151"]

1. e4 c5 2. Nc3 a6 3. g3 b5 4. Bg2 Bb7 5. d3 e6 6. Nf3 d6 7. O-O Nc6 8. d4 cxd4
9. Nxd4 Nge7 10. Nce2 d5 11. exd5 Nxd5 12. Re1 Be7 13. Nxc6 Bxc6 14. Nf4 Nb4
15. Bxc6+ Nxc6 16. Be3 O-O 17. c3 Qxd1 18. Raxd1 Ne5 19. Kg2 Nc4 20. Bc1 Rad8
21. b3 Nb6 22. Be3 Nc8 23. Kf3 Bf6 24. Bc5 Bxc3 25. Bxf8 Rxf8 26. Re3 Ba5 27.
Ke2 Re8 28. Red3 Kf8 29. a3 Bb6 30. Rc3 Ne7 31. b4 h6 32. Rd6 Rb8 33. Rc1 Ke8
34. Nd3 a5 35. bxa5 Bxa5 36. Nb4 Bxb4 37. axb4 Nd5 38. Rdc6 Nxb4 39. Rc8+ Rxc8
40. Rxc8+ Ke7 41. Rb8 Nd5 42. Kd3 b4 43. Rb7+ Kf6 44. Kd4 Ne7 45. Ke4 Nd5 46.
f4 g6 47. g4 Nc3+ 48. Kf3 Nd5 49. h4 Kg7 50. f5 exf5 51. gxf5 gxf5 52. Rb5 Nf6
53. Rxb4 Nh5 54. Rb6 f6 55. Rb1 Kf7 56. Rg1 Ng7 57. Kf4 Ne6+ 58. Kxf5 Ng7+ 59.
Kf4 Ne6+ 60. Ke4 Ng7 61. Ra1 Kg6 62. Ra5 Nh5 63. Kf3 Ng7 64. Ra1 Kf5 65. Rg1
Ne6 66. Rg4 h5 67. Re4 Ng7 68. Re7 Kg6 69. Kf4 Nf5 70. Re1 Nxh4 71. Rg1+ Kf7
72. Rh1 Ng6+ 73. Kg3 h4+ 74. Kg4 Kg7 75. Kf5 Kf7 76. Kg4 1/2-1/2

[Event "Championnat de France des Jeunes - Cadet"]
[Site "AIX LES BAINS"]
[Date "2009.04.20"]
[Round "2.8"]
[White "Dubois, Emmanuelle"]
[Black "Rascle, Adeline"]
[Result "1/2-1/2"]
[WhiteElo "1757"]
[BlackElo "1620"]
[PlyCount "144"]

1. e4 e5 2. Nf3 Nc6 3. Bc4 d6 4. d4 exd4 5. Nxd4 Nf6 6. Nc3 Bd7 7. Be3 Ne5 8.
Bb3 Be7 9. h3 h6 10. f4 Nc6 11. Qd2 Nxd4 12. Bxd4 Bc6 13. Qe3 O-O 14. O-O-O Re8
15. e5 dxe5 16. Bxe5 Nd7 17. Qg3 Bf6 18. Rhe1 Bxe5 19. fxe5 Qg5+ 20. Qxg5 hxg5
21. e6 fxe6 22. Bxe6+ Kh8 23. Bxd7 Rxe1 24. Rxe1 Bxd7 25. Re7 Bc6 26. g3 Rc8
27. Re5 Bg2 28. Rxg5 Rf8 29. Nd5 Rf1+ 30. Kd2 Rf2+ 31. Kc3 Bxd5 32. Rxd5 Rf3+
33. Rd3 Rf7 34. h4 Kh7 35. Kd4 Kh6 36. Re3 Rf2 37. Kd3 Rf7 38. g4 g6 39. Re5
Rf3+ 40. Re3 Rf4 41. Re4 Rf3+ 42. Kc4 Rf2 43. Kb3 Rf3+ 44. c3 Rf7 45. a4 Rd7
46. Re5 Rf7 47. Re4 Rd7 48. Ka3 Rf7 49. b4 Rf3 50. Kb3 Rf7 51. b5 Rd7 52. c4
Rd3+ 53. Kb4 Rd7 54. Kc3 b6 55. Re6 Kg7 56. h5 gxh5 57. gxh5 Rf7 58. Rc6 Rd7
59. Kb4 Kh7 60. a5 Kg7 61. axb6 axb6 62. c5 bxc5+ 63. Kxc5 Kf8 64. Re6 Kf7 65.
Ra6 Ke7 66. Rh6 Rd1 67. Rh7+ Kd8 68. Rh8+ Kd7 69. h6 Rc1+ 70. Kb4 Rb1+ 71. Ka4
Ra1+ 72. Kb4 Rb1+ 1/2-1/2

[Event "Championnat de France des Jeunes - Cadet"]
[Site "AIX LES BAINS"]
[Date "2009.04.20"]
[Round "2.9"]
[White "Jolly, Marie"]
[Black "Anamba-Onana, Marie-Therese"]
[Result "1/2-1/2"]
[WhiteElo "1738"]
[BlackElo "1540"]
[PlyCount "104"]

1. d4 d5 2. c4 dxc4 3. e4 Nf6 4. Nc3 Nc6 5. Be3 Bd7 6. Bxc4 e6 7. a3 e5 8. d5
Nd4 9. Bxd4 exd4 10. Qxd4 Be7 11. Nge2 O-O 12. O-O Re8 13. Rac1 Bd6 14. f4 Qe7
15. Kh1 Ng4 16. Qd3 Bc5 17. Nd1 Nxh2 18. Re1 Qf6 19. g3 Ng4 20. Kg2 Qg6 21.
Nec3 Rad8 22. Qf3 Nh2 23. Qe2 Qh6 24. Nf2 Bxf2 25. Qxf2 Qh3+ 26. Kg1 Ng4 27.
Qg2 Qh5 28. Be2 Qg6 29. Bf3 Qb6+ 30. Kh1 Nf2+ 31. Kh2 Ng4+ 32. Bxg4 Bxg4 33.
Rc2 Rd6 34. Qf2 Rh6+ 35. Kg1 Qa6 36. Qf1 Qg6 37. Rg2 Bh3 38. Ree2 Qg4 39. Qf2
Bxg2 40. Qxg2 Qh3 41. Qxh3 Rxh3 42. Kg2 Rh6 43. Nb5 Re7 44. Nxa7 Kf8 45. Nb5
Ke8 46. Kf3 Kd8 47. Rc2 Rd7 48. Nc3 b6 49. b4 Rh1 50. a4 Rf1+ 51. Ke2 Rh1 52.
Kf3 Rf1+ 1/2-1/2

[Event "Championnat de France des Jeunes - Cadet"]
[Site "AIX LES BAINS"]
[Date "2009.04.20"]
[Round "2.10"]
[White "Richard, Celine"]
[Black "Dauchart, Elaine"]
[Result "1-0"]
[WhiteElo "1588"]
[BlackElo "1650"]
[PlyCount "95"]

1. e4 c5 2. Nf3 a6 3. c4 d6 4. Nc3 Nf6 5. d3 e6 6. e5 dxe5 7. Nxe5 Nbd7 8. Bf4
Nxe5 9. Bxe5 Bd6 10. Bxf6 Qxf6 11. Ne4 Qd4 12. Nxd6+ Qxd6 13. Be2 b5 14. O-O
Bb7 15. cxb5 axb5 16. d4 c4 17. b3 Ba6 18. bxc4 bxc4 19. Qa4+ Ke7 20. Bxc4 Qxd4
21. Qa3+ Kf6 22. Bxa6 Qd5 23. Qc3+ Qe5 24. Qxe5+ Kxe5 25. Rfe1+ Kd6 26. Bc4
Rhc8 27. Rac1 Ra4 28. Rcd1+ Ke7 29. Bb3 Ra5 30. f4 Kf6 31. h3 h5 32. Kh2 h4 33.
Rd4 Kf5 34. a4 Rc3 35. Bc4 Kf6 36. Bb5 Rc2 37. Re2 Rxe2 38. Bxe2 g5 39. fxg5+
Kxg5 40. Rg4+ Kf5 41. Rxh4 e5 42. g4+ Kf4 43. Kg2 e4 44. g5+ Ke3 45. Bb5 Ra7
46. Bc6 Ra5 47. Rxe4+ Kd2 48. Bb5 1-0

[Event "Championnat de France des Jeunes - Cadet"]
[Site "AIX LES BAINS"]
[Date "2009.04.20"]
[Round "2.11"]
[White "Hedouin, Priscillia"]
[Black "Gudefin, Marine"]
[Result "1-0"]
[WhiteElo "1640"]
[BlackElo "1399"]
[PlyCount "87"]

1. e4 e5 2. Nf3 Nc6 3. Nc3 d6 4. d4 Bg4 5. dxe5 Nxe5 6. Be2 Bxf3 7. Bxf3 Nf6 8.
Be3 Nc4 9. Qc1 Be7 10. b3 Ne5 11. Be2 d5 12. exd5 Nxd5 13. Nxd5 Qxd5 14. O-O
O-O 15. Rd1 Qe6 16. Bg5 Bd6 17. Bf4 Rad8 18. Qe3 Rfe8 19. h3 Ng6 20. Qxe6 Rxe6
21. Bxd6 Rexd6 22. Rxd6 cxd6 23. Bc4 d5 24. Bxd5 Rd6 25. Bxb7 Nf4 26. Re1 Kf8
27. Bf3 Rg6 28. Kh2 Nd5 29. Bxd5 Rf6 30. Re2 Rd6 31. c4 Rd8 32. b4 Re8 33. Rb2
Rb8 34. a4 a5 35. b5 h5 36. c5 g5 37. c6 Rd8 38. Bf3 h4 39. b6 Rc8 40. b7 Rxc6
41. Bxc6 Ke7 42. b8=Q Kf6 43. Qd6+ Kf5 44. Rb5# 1-0

[Event "Championnat de France des Jeunes - Minimes"]
[Site "AIX LES BAINS"]
[Date "2009.04.21"]
[Round "2.1"]
[White "Song, Julien"]
[Black "Naudion, Gregoire"]
[Result "1-0"]
[WhiteElo "2318"]
[BlackElo "1938"]
[Annotator ""]

1. d4 Nf6 2. c4 c5 3. d5 e6 4. Nc3 exd5 5. cxd5 Bd6 6. Nf3 Bc7 7. Bg5 d6 8. e3
a6 9. a4 O-O 10. Be2 Nbd7 11. Nd2 Re8 12. O-O Rb8 13. h3 h6 14. Bh4 Nf8 15. Qc2
Ng6 16. Bg3 b6 17. e4 Bb7 18. f4 Qd7 19. Bd3 Rbc8 20. Rae1 Bb8 21. Bc4 Rcd8 22.
Bh2 Re7 23. Qd3 Qc8 24. Re2 Rde8 25. Rfe1 Nh5 26. Qf3 Nf6 27. Qd3 Nh5 28. Rf1
Nf6 29. Nf3 Nh5 30. Qd2 Kh8 31. Rfe1 f5 32. exf5 Rxe2 33. Rxe2 Rxe2 34. Bxe2
Ne7 35. Nh4 Nf6 36. Ng6+ Nxg6 37. fxg6 c4 38. Qd4 Qe8 39. Bxc4 b5 40. axb5 axb5
41. Bxb5 Qe1+ 42. Bf1 Ba6 43. Bg3 Qxf1+ 44. Kh2 Qc4 45. Qe3 Qd3 46. Qb6 Qxg6
47. Qxb8+ Kh7 48. Qxd6 Bf1 49. Qb6 Bc4 50. Qd4 Nh5 51. Bf2 Bf1 52. Qe4 Nxf4 53.
d6 Qxe4 54. Nxe4 Bb5 55. Nc5 1-0

[Event "Championnat de France des Jeunes - Minim"]
[Site "AIX LES BAINS"]
[Date "2009.??.??"]
[Round "2.2"]
[White "Delalee, Paul"]
[Black "Sochacki, Christophe"]
[Result "1/2-1/2"]
[WhiteElo "1939"]
[BlackElo "2250"]
[PlyCount "121"]

1. d4 Nf6 2. c4 e5 3. dxe5 Ng4 4. Bf4 Nc6 5. Nf3 d6 6. exd6 Qf6 7. Qd2 Bxd6 8.
Bxd6 cxd6 9. e3 O-O 10. Be2 Be6 11. Nc3 Rac8 12. Rc1 Nce5 13. b3 Rfd8 14. O-O
Qh6 15. h3 Nf6 16. Rfd1 Ng6 17. Qd4 Kf8 18. Qxa7 Bxh3 19. gxh3 Qxh3 20. Qxb7
Rb8 21. Ng5 Qg3+ 22. fxg3 Rxb7 23. Bf3 Re7 24. Kf2 Ne5 25. Rd4 h6 26. Nge4
Nfg4+ 27. Bxg4 Nxg4+ 28. Ke2 f5 29. Rf1 g6 30. Rxd6 Rxd6 31. Nxd6 Nxe3 32. Rd1
Nxd1+ 33. Kxd1 Re3 34. Kd2 Rxg3 35. c5 Ke7 36. b4 h5 37. b5 h4 38. Nd5+ Kd7 39.
b6 Rg2+ 40. Ke3 Rg3+ 41. Kd2 Rg2+ 42. Kc3 Rg3+ 43. Kc4 Rg4+ 44. Kb5 Rg1 45.
Nf6+ Ke6 46. Kc6 h3 47. Nfe8 h2 48. Nc7+ Ke5 49. b7 h1=Q+ 50. Kb6 Rb1+ 51. Ncb5
Rxb5+ 52. Nxb5 Qh8 53. c6 Qg8 54. c7 Qe6+ 55. Ka7 Qxa2+ 56. Kb8 Qa6 57. Na7 Qd6
58. Nb5 Qc5 59. c8=Q Qxb5 60. Qc7+ Ke6 61. Qc8+ 1/2-1/2

[Event "Championnat de France des Jeunes - Minim"]
[Site "AIX LES BAINS"]
[Date "2009.??.??"]
[Round "2.3"]
[White "Ider, Borya"]
[Black "Bensaid, Alexandre"]
[Result "1-0"]
[WhiteElo "2176"]
[BlackElo "1931"]
[PlyCount "79"]

1. d4 Nf6 2. c4 c5 3. d5 e6 4. Nc3 exd5 5. cxd5 d6 6. Nf3 g6 7. Bf4 Bg7 8. Qa4+
Bd7 9. Qb3 Qc7 10. e4 O-O 11. Nd2 Re8 12. Be2 Na6 13. O-O Rab8 14. a4 Nb4 15.
Rad1 a6 16. Nc4 Bf8 17. e5 dxe5 18. d6 Qd8 19. Nxe5 Be6 20. Bc4 Bxc4 21. Qxc4
Re6 22. Rfe1 Qe8 23. Qxc5 Nc6 24. Re3 Nxe5 25. Rxe5 Nd7 26. Rxe6 Nxc5 27. Rxe8
Rxe8 28. h3 f6 29. d7 Rd8 30. b4 Ne6 31. Be3 Bxb4 32. Nd5 Ba5 33. Nxf6+ Kg7 34.
Ne4 Kf7 35. Bc5 Bc7 36. Ba3 b6 37. g3 h6 38. Nd6+ Bxd6 39. Rxd6 Nc5 40. Rxb6
1-0

[Event "Championnat de France des Jeunes - Minim"]
[Site "AIX LES BAINS"]
[Date "2009.??.??"]
[Round "2.4"]
[White "L'Huillier, Robin"]
[Black "Manoeuvre, Antoine"]
[Result "1/2-1/2"]
[WhiteElo "1932"]
[BlackElo "2150"]
[PlyCount "42"]

1. d4 Nf6 2. c4 g6 3. Nc3 Bg7 4. e4 d6 5. h3 O-O 6. Nf3 Na6 7. Bg5 Qe8 8. g4 e5
9. d5 Nc5 10. Nd2 a5 11. Qf3 Nfd7 12. Nb5 Na6 13. h4 f6 14. Be3 Qe7 15. h5 Ndc5
16. hxg6 hxg6 17. O-O-O Na4 18. Be2 c6 19. Nc3 Nxc3 20. bxc3 Rf7 21. Qh3 g5
1/2-1/2

[Event "Championnat de France des Jeunes - Minim"]
[Site "AIX LES BAINS"]
[Date "2009.??.??"]
[Round "2.6"]
[White "Duboue, Peio"]
[Black "Dionisi, Thomas"]
[Result "1/2-1/2"]
[WhiteElo "1926"]
[BlackElo "2129"]
[PlyCount "110"]

1. e4 c5 2. Nf3 Nc6 3. d4 cxd4 4. Nxd4 e5 5. Nb5 d6 6. N1c3 a6 7. Na3 b5 8. Nd5
Nge7 9. c4 Nxd5 10. Qxd5 Bb7 11. cxb5 Na5 12. Qd2 axb5 13. Bxb5+ Nc6 14. Qd5
Rc8 15. Be3 Be7 16. Rc1 O-O 17. Bxc6 Rxc6 18. Rxc6 Qa8 19. Qd2 Bxc6 20. f3 d5
21. exd5 Bxd5 22. O-O Bxa2 23. Qc3 Bf6 24. Qd2 Rd8 25. Qc1 h6 26. Nb5 Qa6 27.
Nc3 Bb3 28. Ne4 Be7 29. Qc3 Qd3 30. Bf2 Bc4 31. Rc1 Bb4 32. Qxc4 Qxc4 33. Rxc4
Rd1+ 34. Be1 Bxe1 35. Kf1 Rb1 36. Ke2 Bh4 37. Rc2 f5 38. Nc3 Rg1 39. Kd3 Kf7
40. Kc4 Ke6 41. b4 Ra1 42. b5 Bd8 43. Ra2 Rxa2 44. Nxa2 Bb6 45. Nc3 Kd6 46. h3
Bd4 47. Ne2 Bb6 48. Nc3 g6 49. Ne2 e4 50. fxe4 fxe4 51. Nc3 e3 52. Kd3 Kc5 53.
Na4+ Kxb5 54. Nxb6 Kxb6 55. Kxe3 Kc6 1/2-1/2

[Event "Championnat de France des Jeunes - Minim"]
[Site "AIX LES BAINS"]
[Date "2009.??.??"]
[Round "2.7"]
[White "Velten, Paul"]
[Black "Meley, Hector"]
[Result "1-0"]
[WhiteElo "2129"]
[BlackElo "1889"]
[PlyCount "65"]

1. d4 d5 2. Nf3 Nf6 3. Bg5 e6 4. Nbd2 Be7 5. e3 O-O 6. Bd3 b6 7. Qe2 c5 8. c3
Nc6 9. h4 a6 10. e4 cxd4 11. Bxf6 Bxf6 12. e5 dxc3 13. bxc3 Be7 14. Bxh7+ Kh8
15. Bc2 f5 16. exf6 Rxf6 17. Ng5 Qe8 18. Ndf3 Bd7 19. O-O Bd6 20. Rad1 Na5 21.
Rfe1 Bb5 22. Bd3 Rc8 23. Bxb5 Qxb5 24. Qc2 g6 25. Rxe6 Rxe6 26. Nxe6 Qe8 27.
Nfg5 Be5 28. Rxd5 Rxc3 29. Qd2 Bf6 30. Rd8 Qxd8 31. Nxd8 Nc4 32. Qf4 Rc1+ 33.
Qxc1 1-0

[Event "Championnat de France des Jeunes - Minim"]
[Site "AIX LES BAINS"]
[Date "2009.??.??"]
[Round "2.8"]
[White "Sola, Flavien"]
[Black "Fevre, Mathieu"]
[Result "0-1"]
[WhiteElo "1921"]
[BlackElo "2065"]
[PlyCount "94"]

1. e4 c5 2. Nc3 a6 3. Nge2 b5 4. d4 cxd4 5. Nxd4 e6 6. g3 Bb7 7. Bg2 Nf6 8. O-O
b4 9. Na4 Bxe4 10. Bxe4 Nxe4 11. Re1 Nc5 12. Qf3 Ra7 13. Be3 Rc7 14. Nb6 Nc6
15. Nd5 Rc8 16. Nf5 Ne5 17. Qf4 d6 18. Bd4 exf5 19. Qxf5 Ne6 20. Bxe5 dxe5 21.
Rad1 Bd6 22. f4 Bc5+ 23. Kh1 Bd4 24. Rxd4 Nxd4 25. Qxe5+ Ne6 26. f5 O-O 27.
fxe6 fxe6 28. Qxe6+ Kh8 29. Re2 Qg5 30. Nf4 Qf6 31. Qh3 Qf5 32. Qg2 Rce8 33.
Rxe8 Rxe8 34. Nd3 Qg4 35. Qf1 a5 36. a3 bxa3 37. bxa3 h6 38. Nf4 Qf5 39. Qc4
Qe4+ 40. Qxe4 Rxe4 41. Nd3 Ra4 42. Nc5 Rxa3 43. c4 Rc3 44. Nb7 a4 45. c5 a3 46.
Na5 Rxc5 47. Nb3 Rb5 0-1

[Event "Championnat de France des Jeunes - Minim"]
[Site "AIX LES BAINS"]
[Date "2009.??.??"]
[Round "2.9"]
[White "Di Nicolantonio, Lucas"]
[Black "Grignon, Maxime"]
[Result "1-0"]
[WhiteElo "2064"]
[BlackElo "1878"]
[PlyCount "77"]

1. e4 e5 2. Nf3 Nc6 3. Bc4 Bc5 4. c3 Nf6 5. d4 exd4 6. cxd4 Bb4+ 7. Bd2 Nxe4 8.
Bxb4 Nxb4 9. Bxf7+ Kxf7 10. Qb3+ d5 11. Qxb4 Re8 12. O-O Kg8 13. Nc3 b6 14. Qb3
Be6 15. Rad1 c6 16. Ne5 Qd6 17. Rfe1 Nf6 18. Qa4 Bd7 19. h3 Re7 20. Re3 Be8 21.
Qb3 Rd8 22. Rde1 c5 23. Nf3 Rxe3 24. Rxe3 Bh5 25. Nb5 Qf4 26. Nxa7 Bxf3 27.
Rxf3 Qxd4 28. Nc6 c4 29. Nxd4 cxb3 30. Rxb3 Rd6 31. f3 Nd7 32. Kf2 Nc5 33. Rb5
Kf7 34. Ke3 Kf6 35. b3 Ke5 36. a4 Ne6 37. f4+ Nxf4 38. Nf3+ Kf5 39. g4+ 1-0

[Event "Championnat de France des Jeunes - Minim"]
[Site "AIX LES BAINS"]
[Date "2009.??.??"]
[Round "2.10"]
[White "Ternault, Mathieu"]
[Black "Ane, Cedric"]
[Result "1/2-1/2"]
[WhiteElo "1911"]
[BlackElo "2060"]
[PlyCount "101"]

1. d4 Nf6 2. Nf3 e6 3. c4 b6 4. g3 Bb7 5. Bg2 Be7 6. Nc3 d5 7. Ne5 O-O 8. O-O
Ne4 9. cxd5 exd5 10. Qb3 Nxc3 11. bxc3 c6 12. Ba3 Nd7 13. Nd3 Re8 14. Bxe7 Qxe7
15. Rfe1 Ba6 16. Qc2 Qd6 17. Nb4 Bc4 18. e4 a5 19. e5 Qc7 20. Nd3 Rad8 21. Nf4
Nf8 22. Bh3 Ne6 23. Nxe6 fxe6 24. Qd2 c5 25. Rac1 b5 26. a3 Rc8 27. f4 Qe7 28.
Qb2 g6 29. Kh1 Rb8 30. Rb1 cxd4 31. cxd4 b4 32. axb4 Rxb4 33. Qc2 Reb8 34. Ra1
R8b5 35. Reb1 Kf7 36. f5 gxf5 37. Rxb4 Qxb4 38. Bxf5 Qb2 39. Qxb2 Rxb2 40. Bxh7
Kg7 41. Rb1 Rxb1+ 42. Bxb1 a4 43. Kg2 a3 44. Kf3 a2 45. Bxa2 Bxa2 46. g4 Kg6
47. Kf4 Bb1 48. h4 Bc2 49. Kg3 Bd1 50. Kf4 Kh6 51. Kg3 1/2-1/2

[Event "Championnat de France des Jeunes - Minim"]
[Site "AIX LES BAINS"]
[Date "2009.??.??"]
[Round "2.11"]
[White "Nguyen, Vincent"]
[Black "Adeimi, Michel"]
[Result "1-0"]
[WhiteElo "2058"]
[BlackElo "1853"]
[PlyCount "103"]

1. e4 e6 2. d4 d5 3. Nd2 c5 4. exd5 Qxd5 5. Ngf3 cxd4 6. Bc4 Qd8 7. O-O Nf6 8.
Re1 Be7 9. Nb3 Nc6 10. Nbxd4 Nxd4 11. Nxd4 O-O 12. c3 Re8 13. Qf3 Bc5 14. Be3
Nd5 15. Nxe6 Bxe6 16. Bxc5 Rc8 17. Bxd5 Qxd5 18. Qxd5 Bxd5 19. Rxe8+ Rxe8 20.
Bxa7 Bxa2 21. h4 Bd5 22. Bd4 h6 23. Ra5 Re1+ 24. Kh2 Bc6 25. b4 Rb1 26. Kg3 Rg1
27. f3 Rb1 28. Ra8+ Kh7 29. Rc8 h5 30. Rc7 Kg6 31. Kf4 Rh1 32. Ke3 Bd5 33. Rc5
Be6 34. Rg5+ Kh6 35. Bxg7+ Kh7 36. g3 Re1+ 37. Kd4 Rd1+ 38. Kc5 Rd7 39. Bd4 Kh6
40. Kb6 Bd5 41. Rxd5 Rxd5 42. Kxb7 Kg6 43. Kc6 Rd8 44. b5 Rc8+ 45. Kd7 Rg8 46.
b6 f6 47. b7 Kf5 48. Ba7 Rxg3 49. b8=Q Rxf3 50. Qb1+ Ke5 51. Bb8+ Kd5 52. Qb7+
1-0

[Event "Championnat de France des Jeunes - Minim"]
[Site "AIX LES BAINS"]
[Date "2009.??.??"]
[Round "2.12"]
[White "Harnik, Cecilien"]
[Black "Samoun, Florent"]
[Result "0-1"]
[WhiteElo "1910"]
[BlackElo "2045"]
[PlyCount "54"]

1. e4 Nf6 2. Nc3 e5 3. Nf3 Nc6 4. Bc4 Nxe4 5. Nxe4 d5 6. Bd3 dxe4 7. Bxe4 Bd6
8. Bxc6+ bxc6 9. d4 e4 10. Ne5 c5 11. Be3 O-O 12. Nc6 Qe8 13. d5 f5 14. g3 Bd7
15. Na5 f4 16. gxf4 Bxf4 17. Qe2 Bxe3 18. fxe3 Qg6 19. Kd2 Bg4 20. Qb5 Rf2+ 21.
Kc3 Qf6+ 22. Kb3 Be2 23. Qb7 c4+ 24. Ka4 Rf8 25. c3 Bd3 26. Rac1 Qb6 27. Qxb6
axb6 0-1

[Event "Championnat de France des Jeunes - Minim"]
[Site "AIX LES BAINS"]
[Date "2009.??.??"]
[Round "2.13"]
[White "Rachid, Danial"]
[Black "Muheim, Sebastien"]
[Result "0-1"]
[WhiteElo "1901"]
[BlackElo "2031"]
[PlyCount "74"]

1. e4 c5 2. Nc3 a6 3. a4 e6 4. g3 d5 5. Bg2 Nf6 6. d3 Be7 7. Nge2 Nc6 8. O-O d4
9. Nb1 e5 10. f4 Be6 11. Nd2 Qc7 12. Nf3 Bd6 13. c3 Bg4 14. Bd2 Nd7 15. Rc1 O-O
16. f5 f6 17. h3 Bh5 18. g4 Bf7 19. h4 Qb6 20. g5 Bb3 21. Qe1 c4 22. a5 Qa7 23.
Kh1 Nc5 24. cxd4 Nxd3 25. Qg3 Nxc1 26. Rxc1 Rad8 27. d5 Nd4 28. Nfxd4 exd4 29.
Bf4 d3 30. Bxd6 Rxd6 31. Qxd6 dxe2 32. Qe6+ Kh8 33. Qe7 Qb8 34. Re1 Re8 35. Qf7
Bd1 36. gxf6 Rg8 37. Bf3 Qe5 0-1